000 00290nam a22001337a 4500
008 190205b xxu||||| |||| 00| 0 eng d
020 _a9781118511084
041 _aeng
080 _a004
100 _a28
101 _aSHK
245 _aConfiguring Windows 8
_cZacker,C
942 _2udc
_cBK
999 _c53977
_d53977